Cristiano Ronaldo Club Career - Statistics

General Stats
  • This quiz has been taken 60 times
  • The average score is 5 of 6
Answer Stats
Hint Answer % Correct
2009-2018 Real Madrid
98%
2003-2009 Manchester United
96%
2021-2023 Manchester United
96%
2018-2021 Juventus
93%
2023-Retirement Al Nassr
81%
2002-2003 Sporting Portugal/Sporting cp
61%
No matching quizzes found
Score Distribution
Percent of People with Each Score
Percentile by Number Answered
Your Score History
You have not taken this quiz